<?xml version="1.0" encoding="UTF-8"?>
<record
    xmlns:xsi="http://www.w3.org/2001/XMLSchema-instance"
    xsi:schemaLocation="http://www.loc.gov/MARC21/slim http://www.loc.gov/standards/marcxml/schema/MARC21slim.xsd"
    xmlns="http://www.loc.gov/MARC21/slim">

  <leader>01914nam a2200337 a 4500</leader>
  <controlfield tag="003">DO-SdBNP</controlfield>
  <controlfield tag="005">20250403120423.0</controlfield>
  <controlfield tag="007">ta</controlfield>
  <controlfield tag="008">211014e2018    dr a|||grc||| 001 0 spa d</controlfield>
  <datafield tag="020" ind1=" " ind2=" ">
    <subfield code="a">9789945894158</subfield>
  </datafield>
  <datafield tag="040" ind1=" " ind2=" ">
    <subfield code="a">DO-SdBNP</subfield>
    <subfield code="b">spa</subfield>
    <subfield code="c">BNPHU</subfield>
  </datafield>
  <datafield tag="082" ind1=" " ind2="4">
    <subfield code="a">700.97293</subfield>
    <subfield code="b">O13a</subfield>
    <subfield code="2">22</subfield>
  </datafield>
  <datafield tag="110" ind1="1" ind2="2">
    <subfield code="a">Rep&#xFA;blica Dominicana.</subfield>
    <subfield code="b">Direcci&#xF3;n General de Aduanas.</subfield>
    <subfield code="9">43102</subfield>
  </datafield>
  <datafield tag="245" ind1="0" ind2="0">
    <subfield code="a">Obras artistas pl&#xE1;sticos, Direcci&#xF3;n General de Aduanas /</subfield>
    <subfield code="c">editora Mar&#xED;a de Carmen Ossaye ; fotograf&#xED;a, Hugo Garay ; Mariano Hern&#xE1;ndez ; pr&#xF3;logo, Pedro Verg&#xE9;s.</subfield>
  </datafield>
  <datafield tag="260" ind1=" " ind2=" ">
    <subfield code="a">Santo Domingo :</subfield>
    <subfield code="b">Direcci&#xF3;n General de Aduanas, </subfield>
    <subfield code="c">2018.</subfield>
  </datafield>
  <datafield tag="300" ind1=" " ind2=" ">
    <subfield code="a">v. :</subfield>
    <subfield code="b">il. ;</subfield>
    <subfield code="c">30 cm.</subfield>
  </datafield>
  <datafield tag="490" ind1="1" ind2=" ">
    <subfield code="a">Aduanas</subfield>
  </datafield>
  <datafield tag="500" ind1=" " ind2=" ">
    <subfield code="a">Incluye &#xED;ndice de artistas: v.1, p. 263-277; v.2, p. 240-250;  v.3, p. 211- 222</subfield>
  </datafield>
  <datafield tag="505" ind1=" " ind2=" ">
    <subfield code="a">Presentaci&#xF3;n. /</subfield>
    <subfield code="r">Miguel Coco Guerrero.--</subfield>
    <subfield code="t">Palabras del director. /</subfield>
    <subfield code="r">Enrique A. Ram&#xED;rez Paniagua.--</subfield>
    <subfield code="t">Pr&#xF3;logo.--</subfield>
    <subfield code="t">Introducci&#xF3;n.--</subfield>
    <subfield code="t">El museo de arte de la Direcci&#xF3;n General Aduanas,--</subfield>
    <subfield code="t">Arte, historia, colecci&#xF3;n y aduana Dominicana</subfield>
    <subfield code="t">Danilo de los Santos. /</subfield>
    <subfield code="r">Generaci&#xF3;n de los 20 a los 50.--</subfield>
    <subfield code="r">Generaci&#xF3;n de los 20--</subfield>
    <subfield code="r">Generaci&#xF3;n de los 30 a los 40.--</subfield>
    <subfield code="r">Generaci&#xF3;n de los 50.--</subfield>
    <subfield code="r">Generaci&#xF3;n de los 60.--</subfield>
    <subfield code="t">Myrna Guerrero. /</subfield>
    <subfield code="r">Generaci&#xF3;n de los 60.--</subfield>
    <subfield code="r">Generaci&#xF3;n de los 70, 80 y los 90.--</subfield>
    <subfield code="t">Marianne de Tolentino. /</subfield>
    <subfield code="r">Generaci&#xF3;n de los 70, 80 y los 90.--</subfield>
    <subfield code="t">Escultura.--</subfield>
    <subfield code="t">&#xCD;ndice de artistas.</subfield>
  </datafield>
  <datafield tag="590" ind1=" " ind2=" ">
    <subfield code="a">Inventariado 2021 / MF</subfield>
  </datafield>
  <datafield tag="650" ind1=" " ind2="4">
    <subfield code="9">37843</subfield>
    <subfield code="a">Arte Dominicano.</subfield>
    <subfield code="y">Siglo XX</subfield>
  </datafield>
  <datafield tag="650" ind1=" " ind2="4">
    <subfield code="a">Pintura dominicana</subfield>
    <subfield code="9">80233</subfield>
    <subfield code="y">Siglo XX</subfield>
  </datafield>
  <datafield tag="650" ind1=" " ind2="4">
    <subfield code="a">Escultura</subfield>
    <subfield code="z">Rep&#xFA;blica Dominicana</subfield>
    <subfield code="y">Siglo XX</subfield>
    <subfield code="9">80323</subfield>
  </datafield>
  <datafield tag="700" ind1="1" ind2=" ">
    <subfield code="a">Ossaye, Mar&#xED;a de Carmen,</subfield>
    <subfield code="e">editora.</subfield>
    <subfield code="9">80234</subfield>
  </datafield>
  <datafield tag="700" ind1="1" ind2=" ">
    <subfield code="a">Verges, Pedro,</subfield>
    <subfield code="d">1945-</subfield>
    <subfield code="e">pr&#xF3;logo</subfield>
    <subfield code="9">12149</subfield>
  </datafield>
  <datafield tag="700" ind1="1" ind2=" ">
    <subfield code="a">Garay, Hugo,</subfield>
    <subfield code="e">fot&#xF3;grafo</subfield>
    <subfield code="9">80235</subfield>
  </datafield>
  <datafield tag="700" ind1="1" ind2=" ">
    <subfield code="9">59875</subfield>
    <subfield code="a">Hern&#xE1;ndez, Mariano,</subfield>
    <subfield code="e">fot&#xF3;grafo</subfield>
  </datafield>
  <datafield tag="830" ind1=" " ind2=" ">
    <subfield code="a">Colecci&#xF3;n Aduanas</subfield>
    <subfield code="9">80237</subfield>
  </datafield>
  <datafield tag="910" ind1=" " ind2=" ">
    <subfield code="a">Validado. Control de calidad MFF</subfield>
  </datafield>
  <datafield tag="942" ind1=" " ind2=" ">
    <subfield code="2">ddc</subfield>
    <subfield code="c">LBS1</subfield>
  </datafield>
  <datafield tag="952" ind1=" " ind2=" ">
    <subfield code="0">0</subfield>
    <subfield code="1">0</subfield>
    <subfield code="2">ddc</subfield>
    <subfield code="5">1</subfield>
    <subfield code="7">0</subfield>
    <subfield code="8">PD</subfield>
    <subfield code="a">BNPHU</subfield>
    <subfield code="b">PD</subfield>
    <subfield code="c">HD</subfield>
    <subfield code="d">2019-08-09</subfield>
    <subfield code="e">Dep&#xF3;sito legal / Fundaci&#xF3;n de patrimonio Cultural</subfield>
    <subfield code="l">0</subfield>
    <subfield code="o">BNPHU PD 700.97293 O13a </subfield>
    <subfield code="p">2021-27396</subfield>
    <subfield code="r">2021-10-14</subfield>
    <subfield code="t">v.1</subfield>
    <subfield code="w">2021-10-14</subfield>
    <subfield code="y">LFPD</subfield>
  </datafield>
  <datafield tag="952" ind1=" " ind2=" ">
    <subfield code="0">0</subfield>
    <subfield code="1">0</subfield>
    <subfield code="2">ddc</subfield>
    <subfield code="5">1</subfield>
    <subfield code="7">0</subfield>
    <subfield code="8">PD</subfield>
    <subfield code="a">BNPHU</subfield>
    <subfield code="b">PD</subfield>
    <subfield code="c">HD</subfield>
    <subfield code="d">2019-08-09</subfield>
    <subfield code="e">Dep&#xF3;sito legal / Fundaci&#xF3;n de patrimonio Cultural</subfield>
    <subfield code="l">0</subfield>
    <subfield code="o">BNPHU PD 700.97293 O13a  </subfield>
    <subfield code="p">2021-27397</subfield>
    <subfield code="r">2021-10-15</subfield>
    <subfield code="t">v.2</subfield>
    <subfield code="w">2021-10-15</subfield>
    <subfield code="y">LFPD</subfield>
  </datafield>
  <datafield tag="952" ind1=" " ind2=" ">
    <subfield code="0">0</subfield>
    <subfield code="1">0</subfield>
    <subfield code="2">ddc</subfield>
    <subfield code="5">1</subfield>
    <subfield code="7">0</subfield>
    <subfield code="8">DS</subfield>
    <subfield code="a">BNPHU</subfield>
    <subfield code="b">PD</subfield>
    <subfield code="c">HD</subfield>
    <subfield code="d">2019-08-09</subfield>
    <subfield code="e">Dep&#xF3;sito legal / Fundaci&#xF3;n de patrimonio Cultural</subfield>
    <subfield code="l">0</subfield>
    <subfield code="o">BNPHU DS 700.97293 O13a </subfield>
    <subfield code="p">2021-27398</subfield>
    <subfield code="r">2021-10-15</subfield>
    <subfield code="t">v.3</subfield>
    <subfield code="w">2021-10-15</subfield>
    <subfield code="y">LFDS</subfield>
  </datafield>
  <datafield tag="999" ind1=" " ind2=" ">
    <subfield code="c">50755</subfield>
    <subfield code="d">50755</subfield>
  </datafield>
</record>
